Κατάλογος Βιβλιοθηκών Mediterranean College

Τριάντα Χρόνια Επαγγελματικό Ποδόσφαιρο / Πρόσωπα, Σφάλματα, Ιδέες: Ποιοι το Ανέδειξαν, Ποιοι το Βύθισαν, Ποιοι το Εκμεταλλεύτηκαν (Record no. 6422)

MARC details
000 -LEADER
fixed length control field 01388cam a22002054a 4500
005 - ΗΜΕΡΟΜΗΝΙΑ ΚΑΙ ΩΡΑ ΤΕΛΕΥΤΑΙΑΣ ΕΝΗΜΕΡΩΣΗΣ
Πεδίο ελέγχου 20250605164242.0
008 - FIXED-LENGTH DATA ELEMENTS--GENERAL INFORMATION
Πεδίο ελέγχου σταθερού μήκους 250528s ||||||||||||||||||||||||d
035 ## - SYSTEM CONTROL NUMBER
System control number 21357
020 ## - ISBN
ISBN 9789606863417
040 ## - ΠΗΓΗ ΚΑΤΑΛΟΓΟΓΡΑΦΗΣΗΣ
Φορέας πρωτότυπης καταλογογράφησης MC Athens Campus Library
Γλώσσα καταλογογράφησης Ελληνικά, Μοντέρνα (1453-)
Modifying agency MC Athens Campus Library
Κανόνες περιγραφικής καταλογογράφησης AACR2
245 1# - ΤΙΤΛΟΣ ΚΑΙ ΔΗΛΩΣΗ ΥΠΕΥΘΥΝΟΤΗΤΑΣ
Τίτλος Τριάντα Χρόνια Επαγγελματικό Ποδόσφαιρο / Πρόσωπα, Σφάλματα, Ιδέες: Ποιοι το Ανέδειξαν, Ποιοι το Βύθισαν, Ποιοι το Εκμεταλλεύτηκαν
260 ## - PUBLICATION, DISTRIBUTION, ETC.
Name of publisher, distributor, etc. Τόπος,
Date of publication, distribution, etc. 2009
300 ## - PHYSICAL DESCRIPTION
Extent 192
505 0# - FORMATTED CONTENTS NOTE
Formatted contents note Πρόλογος, Παναθηναίκος, Απόλλων και Εθνικός και Ιωνικός, ΑΕΚ και Λεβαδειακός, Πανιώνιος, Καλαμάτα και Αιγάλεω και Προοδευτική, ΠΑΟΚ και Άρης και Ηρακλής, ΟΦΗ και Εργοτέλης και Λάρισα, ΕΠΑΕ.
520 ## - SUMMARY, ETC.
Summary, etc. Πρόλογος, Παναθηναίκος, Απόλλων και Εθνικός και Ιωνικός, ΑΕΚ και Λεβαδειακός, Πανιώνιος, Καλαμάτα και Αιγάλεω και Προοδευτική, ΠΑΟΚ και Άρης και Ηρακλής, ΟΦΗ και Εργοτέλης και Λάρισα, ΕΠΑΕ.
700 1# - ΠΡΟΣΘΕΤΗ ΑΝΑΓΡΑΦΗ--ΦΥΣΙΚΟ ΠΡΟΣΩΠΟ
Personal name Αρκουλής Γιώργος
9 (RLIN) 7412
942 ## - ADDED ENTRY ELEMENTS (KOHA)
Koha item type Books
Holdings
Τύπος τεκμηρίου Βιβλιοθήκη Τρέχουσα τοποθεσία Barcode Αριθμός εισαγωγής Ημερομηνία απόκτησης Ταξιθετικό σύμβολο Αριθμός αντιτύπου Κατάσταση απόσυρσης Κατάσταση χαμένου Κατάσταση κατεστραμμένου Μη δανεισμός Σύνολο δανεισμών Ημερομηνία τελευταίας εμφάνισης Η τιμή ισχύει από
Books MC Athens Campus Library MC Athens Campus Library 9780000064219 5570 05/06/2025 796.3322 ΑΡΚ 1           05/06/2025 05/06/2025

MC Athens Campus Library
Πατησίων 94 & Κοδριγκτώνος 13, 104 34
Πελλήνης 8 & Πατησίων 107, 112 51
Τ: +30 210 8899600

MC Thessaloniki Campus Library
Ίωνος Δραγούμη 21, 54625 | Ίωνος Δραγούμη 15, 54625
Τ: +30 2310 287779 – Τ: +30 2314 440300